Sociálne bývanie vo vybranom kraji SR bakalárska práca

Saved in:
Bibliographic Details
Main Author: Bezányiová, Alexandra
Corporate Author: Národohospodárska fakulta EU. Katedra sociálneho rozvoja a práce
Other Authors: Kováčová, Jaroslava
Format: Book
Language:Slovak
Published: Bratislava 2015
Tags: Add Tag
No Tags, Be the first to tag this record!

MARC

LEADER 00000nbm a2200000 4500
001 0204918
005 20161212094812.4
041 0 |a slo 
044 |a SK 
245 1 0 |a Sociálne bývanie vo vybranom kraji SR  |b bakalárska práca  |c Alexandra Bezányiová ; školiteľ: Jaroslava Szüdi Kováčová 
264 1 |a Bratislava  |c 2015 
300 |a 60 s. 
100 1 |a Bezányiová, Alexandra 
700 1 |a Kováčová, Jaroslava 
710 2 |a Národohospodárska fakulta EU. Katedra sociálneho rozvoja a práce